000 00537cam a2200193 04500
001 45594
090 _a45594
100 _a19761001d1976 em y0pory5003 ba
101 0 _apor
102 _aPT
200 1 _aA menina do mar
_fSofia de Melo Breyner Andresen
210 9 _aPorto
_cFigueirinhas,
_d1976
215 _a45, [2] p.
_cil.
_d17 cm
675 _a087.5
_vBN
_zpor
675 _a821.134.3-93"19/20"
_vBN
_zpor
675 _a821.134.3-34"19/20"
_vBN
_zpor
700 1 _aAndresen,
_bSofia de Melo Breyner,
_f1919-2004
801 0 _aPT
_bBN
_gRPC
990 _cLIVROS